Tips for issuing officers on employment and age certificates under the Fair Labor Standards Act as amended. (Record no. 36699)

MARC details
000 -LEADER
fixed length control field 00899cam a22002531 4500
001 - CONTROL NUMBER
control field l 50000112
003 - CONTROL NUMBER IDENTIFIER
control field DLC
005 - DATE AND TIME OF LATEST TRANSACTION
control field 20260227111542.0
008 - FIXED-LENGTH DATA ELEMENTS--GENERAL INFORMATION
fixed length control field 921102s1950 dcu f000 0 eng c
010 ## - LIBRARY OF CONGRESS CONTROL NUMBER
LC control number l 50000112
035 ## - SYSTEM CONTROL NUMBER
System control number (OCoLC)26897949
040 ## - CATALOGING SOURCE
Original cataloging agency U.S. Dept. of Labor. Library
Transcribing agency CLU
Modifying agency DLC
050 00 - LIBRARY OF CONGRESS CALL NUMBER
Classification number HD6243.U5
Item number A4 1950
082 ## - DEWEY DECIMAL CLASSIFICATION NUMBER
Classification number 331.34
110 1# - MAIN ENTRY--CORPORATE NAME
Corporate name or jurisdiction name as entry element United States.
Subordinate unit Bureau of Labor Standards.
245 10 - TITLE STATEMENT
Title Tips for issuing officers on employment and age certificates under the Fair Labor Standards Act as amended.
260 ## - PUBLICATION, DISTRIBUTION, ETC.
Place of publication, distribution, etc. [Washington,
Name of publisher, distributor, etc. U.S. Govt. Print. Off.]
Date of publication, distribution, etc. 1950.
300 ## - PHYSICAL DESCRIPTION
Extent 11 p.
Dimensions 23 cm.
490 1# - SERIES STATEMENT
Series statement Its Bulletin,
Volume/sequential designation no. 126
500 ## - GENERAL NOTE
General note Title on cover: Employment and age certificates.
650 #0 - SUBJECT ADDED ENTRY--TOPICAL TERM
Topical term or geographic name entry element Child labor
Geographic subdivision United States.
740 0# - ADDED ENTRY--UNCONTROLLED RELATED/ANALYTICAL TITLE
Uncontrolled related/analytical title Employment and age certificates.
830 #0 - SERIES ADDED ENTRY--UNIFORM TITLE
Uniform title Bulletin (United States. Bureau of Labor Standards) ;
Volume/sequential designation 126.

No items available.

Powered by Koha